Modern Islam : the search for cultural identity /

محفوظ في:

المؤلف الرئيسي: Grunebaum, Gustave E. von, 1909-1972 (مؤلف)

مؤلف مشترك: Thomas Leiper Kane Collection (Library of Congress. Hebraic Section)

التنسيق: كتاب

اللغة: English

منشور في: New York : Vintage Books, [1964].

الطبعة: [1st Vintage ed.]

سلاسل: A Vintage book ; V-248.

الموضوعات:

الوسوم: إضافة وسم

لا توجد وسوم, كن أول من يضع وسما على هذه التسجيلة!

رقم الطلب: DS57 .V6 1964

LEADER 01028namaa2200301 4500
001 20795
003 OSt
005 20260312115201.0
008 130303s1964 nyu b 000 0 eng d
010 |a 2016504393 
040 |c ARCE Library 
043 |a a------  |a f------ 
050 4 |a DS57 .V6 1964 
100 1 |a Grunebaum, Gustave E. von,   |q (Gustave Edmund),   |d 1909-1972,   |e author 
245 1 0 |a Modern Islam :   |b the search for cultural identity /   |c G.E. von Grunebaum. 
250 |a [1st Vintage ed.] 
264 1 |a New York :  |b Vintage Books,   |c [1964]. 
300 |a vi, 407 pages ;   |c 19 cm. 
490 0 |a A Vintage book ;   |v V-248. 
500 |a Articles by the author, which have appeared previously in various collections. 
504 |a Bibliographical footnotes. 
650 0 |a Civilization, Islamic. 
650 0 |a Nationalism   |z Arab countries. 
651 0 |a Islamic countries. 
710 2 |a Thomas Leiper Kane Collection (Library of Congress. Hebraic Section)  
901 |a reviewed 
942 |c BK  |2 lcc 
999 |c 17235  |d 17235